Eastern Europe and the new international economic order representative samples of socialist perspectives

Saved in:
Bibliographic Details
Format: Book
Language:English
Published: New York Pergamon Press 1980
Tags: Add Tag
No Tags, Be the first to tag this record!

MARC

LEADER 00000nam a2200000 4500
001 c142813
005 20041019155325.9
041 0 |a eng 
044 |a US 
245 1 0 |a Eastern Europe and the new international economic order  |b representative samples of socialist perspectives 
264 1 |a New York  |b Pergamon Press  |c 1980 
300 |a 107 s.